000 00403nam a2200145Ia 4500
008 230312s9999||||xx |||||||||||||| ||und||
020 _a8184310684
082 _a621.3815
_bBAK-E
100 _aBakshi, U.A
245 0 _aElectron devices & circuits
260 _bTechnical
_aPune
_c2008
546 _aEng.
650 _aEngineering
_vDiode application, Bipolar andField transister, amplifiers
942 _cBK
999 _c1629
_d1629